Welcome to CU Library Online Public Access Catalogue (OPAC)

Medical consultation pearls / (Record no. 2759)

MARC details
000 -LEADER
fixed length control field 00650cam a22002054a 4500
001 - CONTROL NUMBER
control field 12740608
005 - DATE AND TIME OF LATEST TRANSACTION
control field 20250122093321.0
008 - FIXED-LENGTH DATA ELEMENTS--GENERAL INFORMATION
fixed length control field 020412s2002 paua 001 0 eng
020 ## - INTERNATIONAL STANDARD BOOK NUMBER
International Standard Book Number 1560535040
050 00 - LIBRARY OF CONGRESS CALL NUMBER
Classification number R727.5
Item number .M44 2002
100 1# - MAIN ENTRY--PERSONAL NAME
Personal name Mercado, Donna L.
245 10 - TITLE STATEMENT
Title Medical consultation pearls /
Statement of responsibility, etc. Donna L. Mercado, Gerald W. Smetana.
260 ## - PUBLICATION, DISTRIBUTION, ETC.
Place of publication, distribution, etc. Philadelphia, PA :
Name of publisher, distributor, etc. Hanley & Belfus,
Date of publication, distribution, etc. c2002.
300 ## - PHYSICAL DESCRIPTION
Extent xvii, 227 p. :
Other physical details ill. ;
Dimensions 26 cm.
440 #4 - SERIES STATEMENT/ADDED ENTRY--TITLE
Title The pearls series
650 #0 - SUBJECT ADDED ENTRY--TOPICAL TERM
Topical term or geographic name entry element Medical consultation
Form subdivision Case studies.
650 #0 - SUBJECT ADDED ENTRY--TOPICAL TERM
Topical term or geographic name entry element Interpersonal communication
Form subdivision Case studies.
700 1# - ADDED ENTRY--PERSONAL NAME
Personal name Smetana, Gerald W.
942 ## - ADDED ENTRY ELEMENTS (KOHA)
Source of classification or shelving scheme Library of Congress Classification
Koha item type Books
Suppress in OPAC No
999 ## -
-- 2759
-- 2759
Holdings
Withdrawn status Lost status Source of classification or shelving scheme Damaged status Not for loan Collection Home library Current library Shelving location Date acquired Total checkouts Full call number Barcode Date last seen Copy number Price effective from Koha item type
    Library of Congress Classification     Non-fiction Science Library (Miotso) Science Library (Miotso) General stacks 01/22/2025   R727.5 MER SLM00002079 01/22/2025 1 01/22/2025 Books
    Library of Congress Classification     Non-fiction Science Library (Miotso) Science Library (Miotso) General stacks 01/22/2025   R727.5 MER SLM00002080 01/22/2025 2 01/22/2025 Books
© 2023-2024 Copyright: Central University Libraries. All Rights Reserved | Created by: Mahone Tech Office